A sensible modern judgment concerning incompetent work (Record no. 35361)
[ view plain ]
| 000 -LEADER | |
|---|---|
| fixed length control field | 01341cab a2200241 4500 |
| 001 - CONTROL NUMBER | |
| control field | ABS46353 |
| 008 - FIXED-LENGTH DATA ELEMENTS--GENERAL INFORMATION | |
| fixed length control field | 090401t1992 xxu||||| |||| 00| 0 eng d |
| 035 ## - SYSTEM CONTROL NUMBER | |
| System control number | (Sirsi) u57930 |
| 041 ## - LANGUAGE CODE | |
| Language code of text/sound track or separate title | eng |
| 100 ## - MAIN ENTRY--PERSONAL NAME | |
| Personal name | Powell-Smith, V. |
| 245 #2 - TITLE STATEMENT | |
| Title | A sensible modern judgment concerning incompetent work |
| 260 ## - PUBLICATION, DISTRIBUTION, ETC. | |
| Date of publication, distribution, etc. | 1992 |
| 350 ## - PRICE (NR) (BK AM CF MU VM SE) [OBSOLETE] | |
| Price | 0 |
| 490 ## - SERIES STATEMENT | |
| Series statement | Contract Journal |
| Volume/sequential designation | 363(5873) 14 May 1992, 13(1) |
| 520 ## - SUMMARY, ETC. | |
| Summary, etc. | Welcomes the judgment in "Ohbayashi-Gumi Ltd v Industrial Fireproofing Ltd" where O, the contractor, unsuccessfully appealed against an arbitration decision which had granted compensation to the subcontractor (IFL) for the costs incurred in remedial work. This work had been executed after tests conducted by the employer, a procedure which IFL contended was unreasonable in detail. Disregarding the fact that the examination had been carried out by an unqualified trainee, the judge pronounced there was an implied term that subcontract work could not be rejected on the grounds of unreasonable testing, and such provision was both reasonable and necessary within the contractual matrix. |
| 650 ## - SUBJECT ADDED ENTRY--TOPICAL TERM | |
| Topical term or geographic name entry element | BUILT ENVIRONMENT-BUILDING CONTRACT FORMS |
| 650 ## - SUBJECT ADDED ENTRY--TOPICAL TERM | |
| Topical term or geographic name entry element | CLAIMS |
| 650 ## - SUBJECT ADDED ENTRY--TOPICAL TERM | |
| Topical term or geographic name entry element | REMEDIAL WORK |
| 690 ## - LOCAL SUBJECT ADDED ENTRY--TOPICAL TERM (OCLC, RLIN) | |
| Topical term or geographic name as entry element | BUILDING AND CONSTRUCTION-CASE LAW |
| 690 ## - LOCAL SUBJECT ADDED ENTRY--TOPICAL TERM (OCLC, RLIN) | |
| Topical term or geographic name as entry element | OVERSEAS-REST OF THE WORLD |
| 942 ## - ADDED ENTRY ELEMENTS (KOHA) | |
| Suppress in OPAC | 0 |
| 948 ## - LOCAL PROCESSING INFORMATION (OCLC); SERIES PART DESIGNATOR (RLIN) | |
| c (OCLC) | 04/03/1997 |
| Withdrawn status | Lost status | Source of classification or shelving scheme | Damaged status | Not for loan | Home library | Current library | Shelving location | Date acquired | Total Checkouts | Full call number | Barcode | Date last seen | Copy number | Price effective from | Koha item type |
|---|---|---|---|---|---|---|---|---|---|---|---|---|---|---|---|
| Dewey Decimal Classification | London | London | Journal article | 14/09/1999 | ABS46353 | 57930-1001 | 06/08/2019 | 1 | 06/08/2019 | Journal article |